000 00731nam a2200253Ia 4500
003 OSt
005 20220918222712.0
006 a|||||r|||| 00| 0
007 ta
008 220917b |||||||| |||| 00| 0 eng d
024 _a217,901
037 _cTextual
040 _aARTS
_cARTS
_beng
041 _2eng
_aeng
082 _aP:3, P1
100 _aHelasvuo Marja-Liisa
_9143847
245 0 _aSyntax in the making
_b The emergence of syntactic units in finnish conversation
260 _aAmsterdam
_bJohn Benjamins
_c2001
300 _axiv, 173p
_ccm.
490 _aStudies in discourse and grammar
650 _aLINGUISTICS
942 _hP:3, P1
_cTEXL
_2CC
999 _c276241
_d276241